[Event "Guernsey Holiday op 41st"]
[Site "Guernsey"]
[Date "2015.10.23"]
[Round "6"]
[White "Lorthioir, Romuald"]
[Black "Hamann, Marcus"]
[Result "1/2-1/2"]
[WhiteElo "1491"]
[BlackElo "1872"]
[PlyCount "115"]
[EventDate "2015.10.18"]
[EventType "swiss"]
[EventRounds "7"]
[EventCountry "GCI"]
[SourceTitle "EXT 2022"]
[Source "ChessBase"]
[SourceDate "2021.10.06"]
[SourceVersion "1"]
[SourceVersionDate "2021.10.06"]
[SourceQuality "1"]

1. c4 f5 2. g3 Nf6 3. Bg2 c6 4. Nc3 e6 5. Nf3 d5 6. cxd5 exd5 7. d4 Bd6 8. e3 0-0 9. 0-0 Be6 10. a3 Nbd7 11. b4 Ne4 12. Na4 b5 13. Nc5 Bxc5 14. bxc5 a5 15. Bb2 Qc7 16. Ne5 Nxe5 17. dxe5 Nxc5 18. Rc1 Ne4 19. f3 Ng5 20. h4 Nf7 21. f4 Qb7 22. Bd4 Rfc8 23. Bc5 Nd8 24. Rc3 Qd7 25. Qc2 Nb7 26. Rb1 Nxc5 27. Rxc5 Qb7 28. Qc3 Qb6 29. Qd4 Rab8 30. Qc3 b4 31. axb4 axb4 32. Qc1 Ra8 33. Qc2 Ra3 34. Kf2 b3 35. Qc3 Ra2+ 36. Kf3 b2 37. Kf2 Bd7 38. Bxd5+ cxd5 39. Rxc8+ Bxc8 40. Qxc8+ Kf7 41. Qd7+ Kf8 42. Qd6+ Qxd6 43. exd6 Ke8 44. Ke2 Kd7 45. Kd3 Kxd6 46. Kd4 h5 47. Kc3 Kc5 48. Rxb2 Rxb2 49. Kxb2 d4 50. Kc2 dxe3 51. Kd3 e2 52. Kxe2 Kd4 53. Kd2 Ke4 54. Ke2 Kd4 55. Kd2 Ke4 56. Ke2 g6 57. Kf2 Kd3 58. Kf3 1/2-1/2